| 000 | 00397cam a2200157ua 4500 | ||
|---|---|---|---|
| 003 | OSt | ||
| 008 | 250306b |||||||| |||| 00| 0 eng d | ||
| 041 | _aeng | ||
| 082 |
_a621.402 _bBAL/TH |
||
| 100 |
_aBallaney, P.L . _9628 |
||
| 245 | _aThermal Engineering : Mechanical Engineering, Vol I / | ||
| 250 | _a14 / | ||
| 260 |
_a : _bKhanna publishers , _c1985. |
||
| 300 | _a1734 ; . | ||
| 942 | _cBK | ||
| 999 |
_c1341 _d1341 |
||